000 00546nam a2200229Ia 4500
001 12173
003 GE_BSU
008 181216s||||||||xx |||||||||||||| ||und||
020 _a9781405126328
040 _cGE_BSU
080 _a81'42
245 _aLinguistic Anthropology a Reader.
245 _cEdited by Alessandro Duranti.
250 _aSecond Edition.
260 _aOxford.
260 _bWiley-BlackWell.
260 _c2009
300 _a552p;25cm.
541 _h107ლ.
653 _aLinguistic Anthropology a Reader.
942 _cBK
999 _c45349
_d45349